| 000 | 00560nam a2200169Ia 4500 | ||
|---|---|---|---|
| 005 | 20250424120248.0 | ||
| 008 | 250424s9999 xx 000 0 und d | ||
| 022 | _a15961567 | ||
| 050 | _aHD 72 .I583/ | ||
| 245 | 0 | _aInternational journal of economic and development issues | |
| 260 | _aIkot Ekpene | ||
| 260 | _bDevelopment Universal Consortia | ||
| 260 | _c2011 | ||
| 300 | _aiv. , 167 p. ; 25 cm. | ||
| 650 | _aDevelopment economics--Periodicals. Industrial management--Nigeria--Periodicals. Nigeria--Economic policy--Periodicals. | ||
| 942 | _cSR | ||
| 999 |
_c38310 _d38310 |
||